000 01236nam0a22003131 4500
001 v19\rc\1920460
005 20251118180641.1
035 _a(NLR Aleph) 005007334
090 _a6450192
_c6450192
100 _a20080404d1912 u y0rusy50 ca
101 1 _arus
_cfre
102 _aRU
105 _ay z |||||
200 1 _a"Так сказал король"
_eКомич. опера в 3 д.
_e[Либретто]
_fМузыка Делиба
_gПер. М. Говорова
210 _aМосква
_cизд. оп. С.И. Зимина
_d1912
215 _a64 с.
_d17
300 _aАвт. в кн. не указан; установлен по изд.: Lorenz O. Catalogue general de la Librairie française. Paris, 1880. Т. 8. С. 605
532 1 3 _aТак сказал король
700 1 _aГондине
_bЭ.
_f1828-1888
_gЭдмон
702 1 _4230
_aДелиб
_bЛ.
_f1836-1891
_gЛео
_9135083
_3RU\NLR\AUTH\770135117
702 1 _aГоворов
_bМ.Б.
_gМихаил Борисович
_4730
801 0 _aRU
_bNLR
_gpsbo
801 0 _aRU
_bRuMoRGB
_2psbo
801 1 _aRU
_bProSoft-M
_2rusmarc
801 2 _aRU
_bNLR
_c20140716
_2rusmarc
852 _aNLR
_j37.43.10.1241
899 _aRuMoRGB
_jR 444/631
942 _cBOOK
980 _aNB